000 01696nam0a2200361 i 4500
001 RU\NLR\BIBL_A\010514419
005 20260406153406.0
010 _a9785235037137
_93000
021 _aRU
_b2014-63879
_93891
035 _a(NILC)RuMoRGB-007541363
035 _a(NLR Aleph) 010514419
090 _a10190501
_c10190501
100 _a20141028d2014 um y0rusy50 ca
101 0 _arus
102 _aRU
105 _aach|z||||01yb
200 1 _aФедор Сологуб
_fМария Савельева
210 _aМосква
_cМолодая гвардия
_d2014
215 _a245, [1] c., [8] л. ил., портр., факс.
_d21
225 2 _aЖизнь замечательных людей
_eсерия биографий
_fОснована в 1890 году Ф. Павленковым и продолжена в 1933 году М. Горьким
_vвып. 1689 (1489)
320 _aБиблиогр.: с. 242-244 и в подстроч. примеч.
333 _a16+
600 1 _aСологуб
_bФ. К.
_f1863 - 1927
_gФедор Кузьмич
_xБиография
_92203437
_3RU\NLR\AUTH\6601558614
686 2 _aШ5(2=Р)53-4Сологуб
700 1 _7ca
_8rus
_aСавельева
_bМ. С.
_cканд. филол. наук, литературоведение
_f1984-
_gМария Сергеевна
_9138016
_3RU\NLR\AUTH\770138051
702 1 _4570
_7ca
_8rus
_aСологуб
_bФ. К.
_f1863-1927
_gФедор Кузьмич
_9116304
_3RU\NLR\AUTH\776350
801 0 _aRU
_bРГБ
_c20140822
_gRCR
801 1 _aRU
_bРГБ
_c20140822
_2rusmarc
942 _cBOOK
980 _aNBR